Advances in cosmology / (Record no. 171629)

MARC details
000 -LEADER
fixed length control field 01003cam a2200289 i 4500
001 - CONTROL NUMBER
control field 1355507167
003 - CONTROL NUMBER IDENTIFIER
control field OSt
005 - DATE AND TIME OF LATEST TRANSACTION
control field 20250613121004.0
008 - FIXED-LENGTH DATA ELEMENTS--GENERAL INFORMATION
fixed length control field 221220s2022 sz a o 000 0 eng d
020 ## - INTERNATIONAL STANDARD BOOK NUMBER
International Standard Book Number 9783031056246 (hardcover)
040 ## - CATALOGING SOURCE
Original cataloging agency GW5XE
Language of cataloging eng
Description conventions rda
Transcribing agency GW5XE
Modifying agency NUST
050 #4 - LIBRARY OF CONGRESS CALL NUMBER
Classification number QB981 ADV
245 00 - TITLE STATEMENT
Title Advances in cosmology /
Statement of responsibility, etc. edited by Marilena Streit-Bianchi, Paola Catapano, Cristiano Galbiati and Enrico Magnani.
260 ## - PUBLICATION, DISTRIBUTION, ETC.
Place of publication, distribution, etc. Cham :
Name of publisher, distributor, etc. Springer,
Date of publication, distribution, etc. 2022.
300 ## - PHYSICAL DESCRIPTION
Extent xxii, 376 pages :
Other physical details Illustrations ;
Dimensions 24 cm.
336 ## - CONTENT TYPE
Content type term text
Content type code txt
Source rdacontent
337 ## - MEDIA TYPE
Media type term computer
Media type code c
Source rdamedia
338 ## - CARRIER TYPE
Carrier type term online resource
Carrier type code cr
Source rdacarrier
504 ## - BIBLIOGRAPHY, ETC. NOTE
Bibliography, etc. note Includes bibliographical references.
650 #0 - SUBJECT ADDED ENTRY--TOPICAL TERM
Form subdivision Cosmology.
650 #0 - SUBJECT ADDED ENTRY--TOPICAL TERM
Form subdivision Cosmology -- History.
700 1# - ADDED ENTRY--PERSONAL NAME
Personal name Streit-Bianchi, Marilena
Relator term Editor
700 1# - ADDED ENTRY--PERSONAL NAME
Personal name Catapano, Paola
Relator term Editor
700 1# - ADDED ENTRY--PERSONAL NAME
Personal name Galbiati, Cristiano
Relator term Editor
700 1# - ADDED ENTRY--PERSONAL NAME
Personal name Magnani, Enrico
Relator term Editor
942 ## - ADDED ENTRY ELEMENTS (KOHA)
Source of classification or shelving scheme Library of Congress Classification
Koha item type Ordinary Loan Books
Classification part QB981 ADV
Call number prefix QB
Call number suffix ADV
Suppress in OPAC No
Holdings
Withdrawn status Lost status Source of classification or shelving scheme Damaged status Not for loan Collection Home library Current library Shelving location Date acquired Source of acquisition Cost, normal purchase price Total Checkouts Full call number Barcode Date last seen Accession number Cost, replacement price Price effective from Koha item type Public note
    LCC     NFIC MAIN MAIN GEN 04/16/2025 Book Aid International 127.00   QB981 ADV 92004054874 04/16/2025 61714 127.00 04/16/2025 BOOKS Donation